|
|
|
|
| LEADER |
01532nam a2200313 a 4500 |
| 001 |
12356453 |
| 003 |
BD-DhAAL |
| 005 |
20260513175644.0 |
| 008 |
090511r20052002 njua b 001 0 eng d |
| 010 |
|
|
|a \\2001021683
|
| 020 |
|
|
|a 0130609072
|
| 040 |
|
|
|a DLC
|c DLC
|d DLC
|
| 082 |
0 |
0 |
|a 629.8
|2 21
|
| 100 |
1 |
|
|a Ogata, Katsuhiko.
|9 29423
|
| 245 |
1 |
0 |
|a Modern control engineering /
|c Katsuhiko Ogata.
|
| 250 |
|
|
|a Fourth edition.
|
| 260 |
|
|
|a Upper Saddle River, NJ ;
|a New Delhi, IN.:
|b Prentice Hall,
|c c2002.
|
| 300 |
|
|
|a xi, 964 pages :
|b illustrations ;
|c 24 cm.
|
| 504 |
|
|
|a Includes bibliographical references (952-953) and index.
|
| 541 |
1 |
|
|e 00013820
|
| 650 |
|
0 |
|a Automatic control.
|9 29424
|
| 650 |
|
0 |
|a Control theory.
|9 29425
|
| 852 |
4 |
|
|a Ayesha Abed Library
|j Generalshelf
|
| 942 |
0 |
0 |
|0 2
|2 ddc
|c BK
|
| 999 |
|
|
|c 589
|d 589
|
| 952 |
|
|
|0 0
|1 0
|2 ddc
|4 0
|6 629_800000000000000_OGA_2005
|7 0
|9 539
|a BRACUL
|b BRACUL
|c GEN
|d 2009-05-11
|g 468.00
|l 45
|m 398
|o 629.8 OGA
|p 3010013820
|r 2026-02-05
|s 2025-10-09
|t 1
|w 2009-05-11
|y BK
|
| 952 |
|
|
|0 0
|1 1
|2 ddc
|4 0
|6 629_800000000000000_OGA
|7 0
|9 10256
|a BRACUL
|b BRACUL
|c GEN
|d 2010-05-17
|g 468.00
|l 3
|m 5
|o 629.8 OGA
|p 3010013817
|r 2010-11-09
|s 2010-10-21
|t 2
|w 2010-05-17
|y BK
|
| 952 |
|
|
|0 0
|1 0
|2 ddc
|4 0
|6 629_800000000000000_OGA_2005
|7 0
|9 10736
|a BRACUL
|b BRACUL
|c GEN
|d 2010-06-08
|l 44
|m 385
|o 629.8 OGA
|p 3010013816
|r 2026-01-15
|s 2025-12-14
|t 3
|w 2010-06-08
|y BK
|
| 952 |
|
|
|0 0
|1 0
|2 ddc
|4 0
|6 629_800000000000000_OGA
|7 0
|9 14027
|a BRACUL
|b BRACUL
|c GEN
|d 2011-01-20
|l 44
|m 363
|o 629.8 OGA
|p 3010013819
|r 2026-02-01
|s 2025-06-17
|t 4
|w 2011-01-20
|y BK
|